| 000 | 00635nam a2200229 i 4500 | ||
|---|---|---|---|
| 001 | 15853 | ||
| 003 | ES-MaACL | ||
| 005 | 20230906151154.0 | ||
| 007 | t| | ||
| 008 | 000508s1995 sp ||||0| spa j | ||
| 020 | _a84-8017-056-5 | ||
| 040 |
_aM-BN _bspa _cM-BN |
||
| 080 | _a860(729.1)-14"19" | ||
| 100 | 1 |
_aPeralta, Ileana. _990371 |
|
| 245 | 1 | 0 |
_aTemperamentales / _cIleana Peralta. |
| 260 |
_aMadrid : _bBetania, _c[1995] |
||
| 300 |
_a88 p. ; _c21 cm. |
||
| 490 | 1 | _aColección Betania de poesía | |
| 830 | 0 |
_aColección Betania de poesía _9179829 |
|
| 852 |
_aES-MaACL _jL-23062 _bR.126967 |
||
| 999 |
_c15853 _d15853 |
||